000 00522nam a22001817a 4500
999 _c167318
_d167318
010 _aENG-126336
020 _a978-93-87004-06-1
_c299.00
035 _aEN-109868
037 _aDBAD/PUB
082 _aN
100 _aJoshi,Captain Jay
245 _aTwo Sides Of A Coin /
_cJoshi, Jay
260 _aJodhpur
_bPublished By Quignog
270 _aSanghi Brothers Station Road
_bJodhpur
_e342001
_k9999871832
_msales@pirates.ind.in
300 _a247p.
_b20cm.(pbk)
650 _aEnglish Novel
942 _2ddc
_cEN
_hN
_mJOS